| 000 | 00396nam a2200145Ia 4500 | ||
|---|---|---|---|
| 008 | 210210b1991 xxu||||| |||| 00| 0 eng d | ||
| 020 | _a81 85336 47 4 | ||
| 082 | _a519.7 KAMM | ||
| 100 | _aKAMBO (N S). | ||
| 245 | _aMathematical programming techniques. | ||
| 260 |
_aMadras _bAffiliated East-West Prees Pvt. Ltd. _c1991 |
||
| 300 | _a736 | ||
| 690 | _aMathematical Statistics | ||
| 906 | _a046879 | ||
| 999 |
_c96389 _d96389 |
||